000 00551nam a2200133Ia 4500
003 GCL
008 140319s9999 xx 000 0 ara d
040 _aGCL /
_cGCL
082 0 4 _a328.3
_bم ت
100 1 _aالمجلس القومى للتعليم والبحث
245 1 0 _aتقرير مقدم الى السيد رئيس الجمهورية عن اعمال المجلس فى دورتة الخامسة عشرة /
_cالمجلس القومى للتعليم والبحث
300 _a220 ص
490 _aالهيئة العامة للاستعلامات
_v0
999 _c51185
_d51185